00729nam 22002173 4500001000700000010001800007021001800025090001100043100004100054200005300095210003100148215002900179300004600208606002900254675002900283700003900312801001800351830002900369990001100398995010200409202855 a972-9338-18-3 aPTb122707/98 a202855 a20260703d u||y0pory50 ba aCinco dias de sagração fCunha de Leiradella aLisboacTrinovadD.L. 1998 a287 p. cbrochadod21 cm aContém dedicatória na folha de guarda 96aLiteratura Portuguesa a821.134.3-3"19"vPTzpor 917704aLeiradellabCunha def1934- aPTbBMMNgRPC cAna FalardofAna Falardo cLIVROS 002052026-07-03932667bBMMNf32377k821.134.3-3 LEI|SAFo0rLIVROSuAcesso CondicionadosOferta